Phân loại các dạng bài tập và thiết kế bài giảng hướng dẫn học tập chương các định luật bảo toàn chương trình vật lý 10 nâng cao.
Cơ sở lý luận của việc phân loại các dạng bài tập và thiết kế bài giảng. Phân loại các dạng bài tập và thiết kế bài giảng hướng dẫn học tập chương các định luật bảo toàn chương trình vật lý 10 nâng cao.
Zapisane w:
| 1. autor: | |
|---|---|
| Kolejni autorzy: | |
| Format: | Książka |
| Język: | Vietnamese |
| Wydane: |
Đại học Đà Nẵng
Trường đại học Sư Phạm
2011
|
| Seria: | Khóa luận tốt nghiệp đại học. Chuyên ngành: Sư phạm Lý
|
| Hasła przedmiotowe: | |
| Etykiety: |
Dodaj etykietę
Nie ma etykietki, Dołącz pierwszą etykiete!
|
| Thư viện lưu trữ: | Mạng thư viện Đại học Đà Nẵng |
|---|
| LEADER | 01713nam a2200349 4500 | ||
|---|---|---|---|
| 001 | 000012215 | ||
| 003 | 8508 | ||
| 005 | 20120216150255.0 | ||
| 008 | 120216s2011 viesd | ||
| 041 | |a vie | ||
| 072 | |a Khóa luận tốt nghiệp | ||
| 082 | |a 373.238076 |b ĐO-D | ||
| 100 | |a Đỗ, Phạm Thành Dũng | ||
| 245 | |a Phân loại các dạng bài tập và thiết kế bài giảng hướng dẫn học tập chương các định luật bảo toàn chương trình vật lý 10 nâng cao. |c Đỗ, Phạm Thành Dũng | ||
| 260 | |a Đại học Đà Nẵng |b Trường đại học Sư Phạm |c 2011 | ||
| 300 | |a 204 tr. |c 29 cm | ||
| 490 | |a Khóa luận tốt nghiệp đại học. Chuyên ngành: Sư phạm Lý | ||
| 500 | |a Tham khảo 204 + phụ lục [1 tr.] | ||
| 520 | |a Cơ sở lý luận của việc phân loại các dạng bài tập và thiết kế bài giảng. Phân loại các dạng bài tập và thiết kế bài giảng hướng dẫn học tập chương các định luật bảo toàn chương trình vật lý 10 nâng cao. | ||
| 653 | |a Khóa luận tốt nghiệp đại học | ||
| 653 | |a Khoa Vật lý | ||
| 700 | |a Nguyễn, Bảo Hoàng Thanh |c TS |e Hướng dẫn | ||
| OWN | |a LSP | ||
| AVA | |a UDN50 |b LSP |d 373.238076 ĐO-D |e available |t Error 5001 Not defined in file expand_doc_bib_avail. |f 1 |g 0 |h N |i 0 |k 1 | ||
| 999 | |a From the UDN01 | ||
| AVA | |a UDN50 |b LSP |d 373.238076 ĐO-D |e available |t Error 5001 Not defined in file expand_doc_bib_avail. |f 1 |g 0 |h N |i 0 |k 1 | ||
| TYP | |a Monograph | ||
| TYP | |a Printed language | ||
| 980 | |a Mạng thư viện Đại học Đà Nẵng | ||